000 00997nam a2200229 a 4500
001 000024977
005 20200930023502.0
008 110208s1987 ag r 000 0 spa d
020 _a950007415X
040 _aDO-SdBNP
_bspa
_cBNPHu
082 _axxxxx
_bN558d
100 1 _aNewport, John P.
_951252
245 1 0 _aDemonios, demonios, demonios :
_buna guía cristiana para la baraúnda del ocultismo /
_cJohn P. Newport ; traducción Arnoldo Canclini.
260 _aBuenos Aires, Argentina :
_bAsociación Bautista Argentina de Publicaciones :
_bCasa Bautista de Publicaciones,
_c1987.
300 _a110 p. ;
_c21.5 cm.
490 1 _aCasa bautista de publicaciones ;
_v05765
504 _aIncluye referencias bibliográficas y notas al pie de las páginas.
534 _aTítulo original:
_tDemons, demons, demons,
_cNashville, Tenessee, Broadman Press, 1972.
_z0311057659
700 1 _aCanclini, Arnoldo,
_etr.
_923732
830 0 _aCasa bautista de publicaciones ;
_n05765
_951253
049 _aBNGR
999 _c24470
_d24470